| 000 | 01454nam a2200409 c 4500 | ||
|---|---|---|---|
| 001 | 8563 | ||
| 003 | ES-MaCES | ||
| 005 | 20160629131853.0 | ||
| 008 | 990322s1999 lu t o000 | spa d | ||
| 035 | _aCES19990004284m | ||
| 040 |
_aES-MaCES _bspa _cES-MaCES |
||
| 110 | 2 |
_92014 _aComisión de las Comunidades Europeas |
|
| 245 | 1 | 0 | _aComunicación de la Comisión al Consejo relativa a la incidencia en el empleo de la decisión de suprimir las ventas libres de impuestos para los viajeros intracomunitarios |
| 260 |
_aLuxemburgo _bOficina de Publicaciones Oficiales de las Comunidades Europeas _c1999 |
||
| 300 |
_a23 p. _c30 cm |
||
| 490 | 1 |
_aCOM(99) _v65 final |
|
| 500 | _aTít. tomado de la cub. | ||
| 541 | _cSuscripción conjunta | ||
| 650 | 4 |
_aventas _929072 |
|
| 650 | 4 |
_alibre comercio _928005 |
|
| 650 | 4 |
_apromoción del comercio internacional _927990 |
|
| 650 | 4 |
_azona de libre comercio _928006 |
|
| 650 | 4 |
_aMercado Unico Europeo _930652 |
|
| 650 | 4 |
_aconsumidor _927902 |
|
| 650 | 4 |
_aimpuesto al consumo _928080 |
|
| 650 | 4 |
_aEstado miembro _926701 |
|
| 650 | 4 |
_apolítica comercial _927949 |
|
| 650 | 4 |
_aempleo _928299 |
|
| 650 | 4 |
_aDecisión CE _930702 |
|
| 650 | 4 |
_ainforme _928986 |
|
| 653 | 1 | 0 | _aMercado Único Europeo |
| 650 | 4 |
_928300 _apolítica de empleo |
|
| 830 | 0 |
_aCOM(99) _v65 final _933137 |
|
| 902 | _aDOC Literatura gris | ||
| 942 |
_2CES _cBK _h1.0. |
||
| 999 |
_c8563 _d8563 |
||